| 000 | 01822cam a22003974i 4500 | ||
|---|---|---|---|
| 003 | PE-LiUPU | ||
| 005 | 20250731183425.0 | ||
| 008 | 150706s r 000 0 d | ||
| 020 | _a9788425220845 | ||
| 035 | _a(Sirsi) i9788425220845 | ||
| 040 |
_aPE-LiUPU _bspa _cPE-LiUPU _erda |
||
| 049 | _aPRUA | ||
| 082 | 0 | 4 |
_a720.22 _bC74 _221 |
| 100 | 1 |
_aConsalez, Lorenzo, _eautor. |
|
| 245 | 1 | 0 |
_aMaquetas : _bla representación del espacio en el proyecto arquitectónico / _cLorenzo Consález ; [versión castellana de Laia Escribá Nadal y J. Manuel Navarro García-Sicilia]. |
| 264 | 1 |
_aBarcelona : _bGustavo Gili, _c2008. |
|
| 300 |
_a111 páginas : _bilustraciones ; _c24 cm. |
||
| 336 |
_atext _2rdacontent |
||
| 337 |
_aunmediated _2rdamedia |
||
| 338 |
_avolume _2rdacarrier |
||
| 504 | _aIncluye la procedencia de las ilustraciones. | ||
| 505 | 0 | _aConceptos introductorios y escalas de representación -- La elección de los materiales -- Instrumentos y materiales -- El terreno -- Las paredes -- Cubiertas -- Aberturas vidriadas -- Revestimientos -- Interiores -- Ordenación de espacios exteriores y pavimentos -- La vegetación y los árboles. | |
| 526 | _aP158 | ||
| 526 | _aP146 | ||
| 526 | _aP17 | ||
| 526 | _aP12 | ||
| 526 | _aP06 | ||
| 541 | _g015-0011556; | ||
| 650 | 0 | 4 | _aMaquetas. |
| 910 |
_bjv _cjvm _d20100511 |
||
| 942 |
_2ddc _cBOOK |
||
| 949 |
_a720.22 C74 _wDEWEY _c1 _i61593 _lCCODEBUL1 _mBUL _p55.00 _r0 _sY _tBOOK _u2015-7-6 _xINGENIERIA _PP06 _o.STAFF. Colección General |
||
| 994 |
_aC0 _bPEPRU |
||
| 596 | _a1 | ||
| 999 |
_a720.22 C74 _wDEWEY _c50782 _i61593 _d50782 _e2022-5-10 _f2021-11-9 _g7 _lCCODEBUL1 _mBUL _n9 _p55.00 _q1 _r0 _sY _tBOOK _u2015-7-6 _xINGENIERIA _PP06 _o.STAFF. Colección General |
||
| 980 |
_81 _gALBERTO SANCHEZ Responsable de Automatización |
||